000 00855nam a2200217Ii 4500
003 JO-AjNU
008 230605s9999||||xx |||||||||||||| ||und||
017 _a2003/6/1218
040 _aJO-AjNU
_bara
_erda
_cJO-AjNU
041 _aara
050 1 4 _aHF5655.A7.F32 2004
100 3 _aالفداغ،فداغ,
_eauthor
_927571
245 0 0 _aالمحاسبة المتوسطة: الالتزامات،حقوق الملكية، الاستثمارات، ومواضيع في الافصاح والعرض المالي، ج2
250 _aط1
264 3 1 _aعمان: مؤسسة الوراق للنشر والتوزيع، 2004
300 _aج2، 781ص
_bيحتوي على ببلوغرافية من ص765-781ص
336 _atext
_btxt
_2rdacontent
337 _aunmediated
_bn
_2rdamedia
338 _avolume
_bnc
_2rdacarrier
650 4 _aالمحاسبة
_927572
999 _aA10590
_c14158
_d14158